Novelizácia štandardov IFRS 1 a IAS 27

Rada pre medzinárodné účtovné štandardy vydala v máji 2008 popri súbornej novele 22 štandardov aj samostatnú novelu štandardov IFRS 1 a IAS 27 (s následnými zmenami štandardov IAS 18, IAS 21 a IAS 36).

Gespeichert in:
Bibliographische Detailangaben
1. Verfasser: Tumpach, Miloš, 1970-
Format: Buchkapitel
Sprache:Slowakisch
Schlagworte:
Tags: Tag hinzufügen
Keine Tags, Fügen Sie das erste Tag hinzu!

MARC

LEADER 00000nla$a2200000$$$4500
001 0132544
005 20240502072512.0
041 0 |a slo 
044 |a SK 
245 1 0 |a Novelizácia štandardov IFRS 1 a IAS 27  |c Miloš Tumpach 
520 |a Rada pre medzinárodné účtovné štandardy vydala v máji 2008 popri súbornej novele 22 štandardov aj samostatnú novelu štandardov IFRS 1 a IAS 27 (s následnými zmenami štandardov IAS 18, IAS 21 a IAS 36). 
610 2 0 |a štandardy účtovné medzinárodné 
610 2 0 |a IFRS 
610 2 0 |a novelizácia 
610 2 0 |a IAS 
100 1 |a Tumpach, Miloš, 1970-